"Οι άνθρωποι του καλαμποκιού" από την Λατινική Αμερική στην Αθήνα : η ένταξη των νεοεισελθέντων από την Λατινική Αμερική στην μητρόπολη των Αθηνών, οι διατροφικές τους συνήθειες και πολιτιστικές εκδηλώσεις : πτυχιακή εργασία

Αποθηκεύτηκε σε:
Λεπτομέρειες βιβλιογραφικής εγγραφής
Κύριος συγγραφέας: Βελιγράδη, Στυλιανή
Συγγραφή απο Οργανισμό/Αρχή: Πανεπιστήμιο Αιγαίου. Σχολή Κοινωνικών Επιστημών. Τμήμα Γεωγραφίας
Άλλοι συγγραφείς: Πετροπούλου, Χρυσάνθη (dgsf)
Μορφή: Thesis Βιβλίο
Γλώσσα:Greek
Δημοσίευση: 2017.
Ετικέτες: Προσθήκη ετικέτας
Δεν υπάρχουν, Καταχωρήστε ετικέτα πρώτοι!

MARC

LEADER 00000cam a2200000 a 4500
001 1/121118
008 200319s2017####gr | ||| |||| ||gre||
040 |a GR-MyUa  |b gre  |c GR-MyUa  |e AACR2 
041 0 |a gre 
082 7 |2 (23) 
100 1 |a Βελιγράδη, Στυλιανή. 
245 1 3 |a "Οι άνθρωποι του καλαμποκιού" από την Λατινική Αμερική στην Αθήνα :   |b η ένταξη των νεοεισελθέντων από την Λατινική Αμερική στην μητρόπολη των Αθηνών, οι διατροφικές τους συνήθειες και πολιτιστικές εκδηλώσεις : πτυχιακή εργασία /   |c Βελιγράδη Στυλιανή ; επιβλέπουσα: Χρυσάνθη (Κρίστη) Πετροπούλου.  
260 |c 2017.  
300 |a 131 σ. :   |b πιν., φωτ. ;   |c 29 εκ.  
500 |a Καθηγητές επιτροπής: Θεανώ Τερκενλή, Σιδηρόπουλος Γεώργιος.  
502 |a Πτυχιακή εργασία - Πανεπιστήμιο Αιγαίου, Μυτιλήνη, 2017.  
504 |a Βιβλιογραφία: σ. 129-130.  
506 1 |a Ηλεκτρονική διάθεση στο πλήρες κείμενο - περιορισμένης πρόσβασης ;   |d Ελεύθερη διάθεση μόνο στα μέλη του Πανεπιστημίου Αιγαίου.  
540 |a Κλειδωμένη η δυνατότητα αντιγραφής (copy) από το ηλεκτρονικό κείμενο.  
700 1 |a Πετροπούλου, Χρυσάνθη,  |e dgsf 
710 2 |a Πανεπιστήμιο Αιγαίου.   |b Σχολή Κοινωνικών Επιστημών.   |b Τμήμα Γεωγραφίας. 
852 |a INST  |b LESVOS  |c DIATR  |e 20200319  |h 1085  |p 005100062551  |q 005100062551  |t DIE  |y 23 
920 |a Βελιγράδη   |b Στυλιανή  |y Λέσβος  |z 2017-02 
970 |a Καμάτσου  |b Δέσποινα  |z 19-03-2020